| Tag |
First Indicator |
Second Indicator |
Subfields |
| LEADER |
00000cam a2200000Ka 4500 |
| 001 |
in00002744613 |
| 005 |
20210728124727.0 |
| 006 |
m d |
| 007 |
cr cnu---unuuu |
| 008 |
120126s2011 ne ob 001 0 eng d |
| 020 |
|
|
|a 9400713061 (electronic bk.)
|
| 020 |
|
|
|a 9789400713062 (electronic bk.)
|
| 020 |
|
|
|z 9789400713055
|
| 035 |
|
|
|a (OCoLC)773925324
|
| 035 |
|
|
|a (OCoLC)ocn773925324
|
| 035 |
|
|
|a 3967353
|
| 040 |
|
|
|a GW5XE
|c GW5XE
|d COO
|d ZMC
|d UtOrBLW
|
| 049 |
|
|
|a TXAC
|
| 050 |
|
4 |
|a GB1197.7
|b .R75 2011
|
| 082 |
0 |
4 |
|a 628.168
|2 23
|
| 100 |
1 |
|
|a Rumynin, V. G.
|q (Vi︠a︡cheslav Genievich)
|0 http://id.loc.gov/authorities/names/n87941198
|
| 245 |
1 |
0 |
|a Subsurface solute transport models and case histories :
|b with applications to radionuclide migration /
|c Vyacheslav G. Rumynin.
|
| 264 |
|
1 |
|a Dordrecht ;
|a New York :
|b Springer,
|c [2011]
|
| 264 |
|
4 |
|c ©2011
|
| 300 |
|
|
|a 1 online resource.
|
| 336 |
|
|
|a text
|b txt
|2 rdacontent
|
| 337 |
|
|
|a computer
|b c
|2 rdamedia
|
| 338 |
|
|
|a online resource
|b cr
|2 rdacarrier
|
| 490 |
1 |
|
|a Theory and applications of transport in porous media ;
|v v.25
|
| 500 |
|
|
|a Electronic resource.
|
| 504 |
|
|
|a Includes bibliographical references and index.
|
| 505 |
0 |
0 |
|g pt. 1.
|t The Essentials of Dissolved Species Transport in the Subsurface Environment: Basic Definitions, Fundamental Mechanisms and Mathematical Formulation --
|t Advection and Dispersion of Dissolved Species in Aquifers --
|t Water Movement and Solute Transport in Unsaturated Porous Media --
|g pt. 2.
|t Conceptual Models for Regional Assessment of Solute Transport (under Homogeneous Liquid Flow Conditions) --
|t One-Dimensional Hydrodynamic Mixing Models for Regional Flow Systems Under Areal Recharge Conditions and Their Application to the Interpretation of Isotopic Data --
|t Profile (Two-Dimensional in Vertical Cross-Section) Models for Solute Transport in Regional Flow Systems --
|t Models for Assessment of Transverse Diffusive and Advective Transfer in Regional Two-Layer Systems --
|t Analytical Models for Solute Transport in Saturated Fractured-Porous Media --
|t Flow and Transport Through Unsaturated Fractured-Porous Rocks --
|g pt. 3.
|t Solute Transport Processes Induced /
|r Recharge and Discharge Wells --
|t Models for Tracer Test Analysis and Interpretation --
|t Models for Prediction of Effects of Pumping on Groundwater Quality at Well-Fields --
|g pt. 4.
|t Lumped-Parameter Models for Flow and Solute Balance in Coupled Surface-Water/Groundwater Systems --
|t Conceptual Lumped-Parameter Models for Coupled Transient Flow and Solute Transport in Catchments --
|t Unsteady-State Hydrogeological Model of Evaporation-Induced Sedimentation in a Surface Reservoir --
|g pt. 5.
|t Variable-Density Flow and Solute Transport: Physical Phenomena and Mathematical Formulation --
|t Dynamic Equilibrium of Freshwater-Saltwater Interface --
|t Dynamics of Saltwater-Freshwater Interface --
|t Studying Subsurface Density-Induced Phenomena Using Numerical Modeling --
|g pt. 6.
|t Case Histories of Subsurface Contamination /
|r Industrial and Environmental Brines: Field Data Analysis and Modeling of Migration Processes --
|t Radioactive Brine Migration at the Lake Karachai Site (South Urals, Russian Federation) --
|t Modeling of Seawater Intrusion in Coastal Area of River Andarax Delta (Almeria, Spain) --
|t Studying and Modeling of Uncontrolled Discharge of Deep Brine into Mine Drainage Systems at the Korshunovsky Iron Ore Mine (Eastern Siberia, Russian Federation) --
|t Light Wastewater Injection into a Deep Geological Formation Containing Brine ("Volzhsky Orgsintez" Deep-Well Disposal Site, Central Russia Region) --
|g pt. 7.
|t Physicochemical Description and Mathematical Formulation of Sorption processes --
|t Conceptual Models for Sorption Under Batch Conditions --
|t Conceptual Transport Models for Adsorbable Solutes --
|g pt. 8.
|t Experimental and Modeling Study of Adsorption-Desorption Processes --
|t Radon Site for Near-Surface Disposal of Solid RW --
|t Study of Physical, Mechanical, Flow, and Solute Transfer Properties of Clay Formations with Respect to the Design of Underground Storage Facilities for RW Disposal --
|t Tomsk-7 and Krasnoyarsk-26 Sites for Deep-Well Injection Radioactive Waste Disposal, and Lake Karachai Site of Near-Surface Disposal of Radioactive Brine --
|g pt. 9.
|t Colloid-Facilitated Solute Transport in Aquifers --
|t Colloidal Systems and Equilibrium in Such Systems --
|t Experimental Study of Radionuclide Interaction with Colloids with Respect to Tomsk-7 Deep-Well RW Disposal in a Geological Formation --
|t Models of Sorption Type for Colloid-Facilitated Transport in Aquifers --
|t A Thermodynamics-Based Conceptual Model for Colloid-Facilitated Solute Transport.
|
| 650 |
|
0 |
|a Groundwater flow
|x Mathematical models.
|0 http://id.loc.gov/authorities/subjects/sh2008105430
|
| 650 |
|
0 |
|a Groundwater flow.
|0 http://id.loc.gov/authorities/subjects/sh85057469
|
| 650 |
|
0 |
|a Groundwater
|x Pollution
|x Mathematical models.
|
| 650 |
|
0 |
|a Groundwater
|x Pollution.
|0 http://id.loc.gov/authorities/subjects/sh85145519
|
| 650 |
|
0 |
|a Radioisotopes
|x Migration
|x Mathematical models.
|
| 653 |
|
4 |
|a Earth Sciences
|
| 653 |
|
4 |
|a Earth Sciences, general
|
| 653 |
|
4 |
|a Geochemistry
|
| 653 |
|
4 |
|a Geography
|
| 653 |
|
4 |
|a Hydraulic engineering
|
| 653 |
|
4 |
|a Hydrogeology
|
| 653 |
|
4 |
|a Mathematical Modeling and Industrial Mathematics
|
| 653 |
|
4 |
|a Waste Management/Waste Technology
|
| 653 |
|
4 |
|a Waste disposal
|
| 655 |
|
7 |
|a Electronic books.
|2 local
|
| 830 |
|
0 |
|a Theory and applications of transport in porous media ;
|v v.25.
|0 http://id.loc.gov/authorities/names/n86722099
|
| 856 |
4 |
0 |
|u http://proxy.library.tamu.edu/login?url=https://dx.doi.org/10.1007/978-94-007-1306-2
|z Connect to the full text of this electronic book
|t 0
|
| 994 |
|
|
|a 92
|b TXA
|
| 999 |
|
|
|a MARS
|
| 999 |
f |
f |
|s deec6ed5-9dea-37a2-a4d5-c29b2e72f49b
|i b5dd004d-9308-3af2-ade3-4649c493561f
|t 0
|
| 952 |
f |
f |
|a Texas A&M University
|b College Station
|c Electronic Resources
|d Available Online
|t 0
|e GB1197.7 .R75 2011
|h Library of Congress classification
|
| 998 |
f |
f |
|a GB1197.7 .R75 2011
|t 0
|l Available Online
|